[Event "9. Korbacher Open 2017"]
[Site "Korbach"]
[Date "2017.10.20"]
[Round "3"]
[White "Shkolnyk, Boris"]
[Black "Hoekstra, Peter"]
[Result "0-1"]
[WhiteElo "1812"]
[BlackElo "2074"]
[Annotator "NA RC"]
[PlyCount "102"]
[EventDate "2017.??.??"]
[EventType "swiss"]
[EventCountry "GER"]
[SourceTitle "playchess.com"]
[Source "ChessBase"]
[SourceQuality "1"]
[TimeControl "40/5400+30:1800+30"]

{[%evp 9,102,-11,-16,-12,-26,-46,-51,-26,-33,-43,-20,-33,0,-56,-55,-51,-50,-67,241,270,256,270,247,147,203,33,55,56,50,27,87,32767,31,32767,32767,-11,32767,0,27,7,75,0,0,-79,-73,-80,-69,-75,-102,-81,-56,-55,-76,-93,-84,-89,-84,-89,0,-56,-62,-61,-64,-73,0,-130,-145,-172,-196,-185,-206,-912,32767,32767,32767,-552,-561,32767,32767,32767,32767,-323,32767,-267,32767,-780,-518,-508,-525,-815,-741,-1587,-1683,-29969,-6296]} 1. d4 {[%emt 0:00:00]} g6 {[%emt 0:00:08]} 2. e4 {[%emt 0:00:40]} Bg7 {[%emt 0:00:27]} 3. Nf3 {[%emt 0:01:06]} c5 {[%emt 0:00:06]} 4. c3 {[%emt 0:03:48]} cxd4 {[%emt 0:01:24]} 5. Nxd4 {[%emt 0:03:00] B27: Sicilian: 2 Nf3, unusual Black 2nd moves} (5. cxd4 d5 6. e5 Bg4 7. Bb5+ Nd7 8. O-O e6 9. Nbd2 Ne7 10. h3 Bxf3 11. Nxf3 a6 12. Bd3 O-O 13. h4 f6 14. exf6 Bxf6 {1-0 (37) Andreikin,D (2736)-Savchenko,B (2613) Sochi 2016}) 5... Nc6 {[%emt 0:00:23]} 6. Nxc6 {[%emt 0:00:37]} bxc6 {[%emt 0:00:05]} 7. Be3 {[%emt 0:04:04]} Nf6 {[%emt 0:01:50]} 8. f3 {[%emt 0:02:54]} O-O {[%emt 0:00:22]} 9. Nd2 {[%emt 0:04:16]} d5 {[%emt 0:00:43]} 10. Be2 {[%emt 0:06:24]} e5 {[%emt 0:04:45]} 11. Bc5 {[%emt 0:05:19]} Re8 {[%emt 0:00:09]} 12. O-O {[%emt 0:05:10]} Bh6 $146 {[%emt 0:04:53]} ({Predecessor:} 12... Nh5 13. b4 Nf4 14. Kh1 a5 15. Rg1 Ba6 16. Bxa6 Rxa6 17. bxa5 Rxa5 {0-1 (37) Zelovic,M (2006)-Merva,F (2062) Slovakia 2007}) 13. Nb3 {[%emt 0:04:11]} dxe4 $2 {[%emt 0:09:20]} (13... a5 $15 {keeps the upper hand.}) 14. Qxd8 {[%emt 0:00:48]} Rxd8 {[%emt 0:00:56] [#]} 15. Be7 $1 {[%emt 0:00:21]} exf3 {[%emt 0:01:55]} 16. gxf3 {[%emt 0:07:44]} ({Don't do} 16. Bxd8 $6 Be3+ 17. Kh1 fxe2 $16) 16... Bh3 {[%emt 0:01:01]} (16... Rd2 $16 17. Nxd2 Nd5) 17. Rfe1 {[%emt 0:02:29]} (17. Bxf6 $18 Bxf1 18. Kxf1 (18. Rxf1 Rd7 $16)) 17... Nd5 {[%emt 0:02:38]} 18. Bxd8 {[%emt 0:02:08]} Rxd8 {[%emt 0:00:48]} 19. Bf1 {[%emt 0:00:55]} Bxf1 {[%emt 0:03:38]} 20. Rxf1 {[%emt 0:01:22]} Ne3 {[%emt 0:00:26]} 21. Rf2 {[%emt 0:01:37]} Nc4 {[%emt 0:02:55]} 22. Kh1 {[%emt 0:02:22]} a5 {[%emt 0:00:58]} 23. Re1 {[%emt 0:05:53]} Bg5 {[%emt 0:03:06]} 24. Rfe2 {[%emt 0:03:56]} Bh4 {[%emt 0:09:58] [#]} (24... f5 $11 {keeps the balance.}) 25. Rf1 {[%emt 0:00:15]} (25. Ra1 $1 $16 f5 26. Nc5) 25... f5 {[%emt 0:02:07]} 26. f4 {[%emt 0:01:33]} (26. Nc5 $11) 26... e4 {[%emt 0:04:07]} 27. Nd4 {[%emt 0:01:37]} Rd6 {[%emt 0:03:37]} 28. b3 {[%emt 0:03:50]} Nb6 {[%emt 0:00:24]} 29. Nc2 {[%emt 0:02:21]} Bf6 {[%emt 0:01:53]} 30. c4 $1 {[%emt 0:00:34]} Nd7 {[%emt 0:00:08]} 31. b4 {[%emt 0:03:48]} axb4 {[%emt 0:02:44]} 32. Nxb4 {[%emt 0:00:05]} Nc5 {[%emt 0:00:10]} 33. a3 {[%emt 0:02:26]} Na4 {[%emt 0:02:51]} (33... Kf7 $17) 34. Kg2 {[%emt 0:04:37]} Kf7 {[%emt 0:05:16]} 35. Rc2 {[%emt 0:01:35]} Nc5 {[%emt 0:00:25]} 36. Ra2 {[%emt 0:02:13]} Ke6 {[%emt 0:02:55]} (36... Bc3 $15) 37. Rff2 {[%emt 0:01:01]} (37. a4 $1 $11 {keeps the balance.}) 37... Bc3 {[%emt 0:00:35]} 38. Rfc2 {[%emt 0:00:44] [#]} Bxb4 $1 {[%emt 0:01:35]} 39. axb4 {[%emt 0:00:40]} Nd3 {[%emt 0:00:24]} 40. Ra5 $2 {[%emt 0:04:56]} (40. Ra1) 40... Nxb4 {[%emt 0:34:10]} 41. Rb2 {[%emt 0:31:44]} Nd3 {[%emt 0:00:15]} 42. Rb7 $2 {[%emt 0:00:48]} (42. Rb8 Nxf4+ 43. Kg3 Nh5+ 44. Kf2) 42... Nxf4+ {[%emt 0:00:22]} 43. Kg3 {[%emt 0:00:23]} Nh5+ {[%emt 0:05:44]} 44. Kf2 {[%emt 0:00:51]} Rd2+ {[%emt 0:01:14]} 45. Ke3 {[%emt 0:03:30]} Rd3+ {[%emt 0:00:14]} 46. Kf2 {[%emt 0:01:05]} f4 {[%emt 0:05:30]} 47. Rxh7 $2 {[%emt 0:00:00]} (47. Rb6 Kd6 48. Raa6 Rd2+ 49. Kg1) 47... Rd2+ {[%emt 0:00:00]} 48. Ke1 {[%emt 0:00:00]} Rxh2 {[%emt 0:00:00]} 49. Raa7 {[%emt 0:00:00]} Kf5 {[%emt 0:00:00]} 50. Ra6 {[%emt 0:00:00]} f3 {[%emt 0:00:00]} 51. Rxc6 {[%emt 0:00:00]} f2+ $19 {[%emt 0:00:00]} 0-1

[Event "9. Korbacher Open 2017"]
[Site "Korbach"]
[Date "2017.10.20"]
[Round "3"]
[White "Mak, Nico"]
[Black "Petras, Nils"]
[Result "0-1"]
[WhiteElo "1799"]
[BlackElo "1922"]
[Annotator "NA RC"]
[PlyCount "66"]
[EventDate "2017.??.??"]
[EventType "swiss"]
[EventCountry "GER"]
[SourceTitle "playchess.com"]
[Source "ChessBase"]
[SourceQuality "1"]
[TimeControl "40/5400+30:1800+30"]

{[%evp 8,66,25,8,24,10,4,16,16,9,29,28,33,9,16,10,42,-71,-73,-70,-62,-70,-69,-93,-95,-92,-53,-79,-60,-82,-89,-126,-117,-116,32767,32767,32767,32767,-122,-140,-122,-138,-124,-143,-154,-149,-162,-265,-167,-178,-158,-268,-155,-329,-302,-354,-386,-386,-403,-420,-393]} 1. e4 {[%emt 0:00:00]} c5 {[%emt 0:00:08]} 2. Nf3 {[%emt 0:00:00]} d6 {[%emt 0:00:05]} 3. d4 {[%emt 0:00:00]} cxd4 {[%emt 0:00:06]} 4. Qxd4 {[%emt 0:00:07]} Nc6 {[%emt 0:00:20]} 5. Bb5 {[%emt 0:00:09]} Bd7 {[%emt 0:00:44]} 6. Bxc6 {[%emt 0:00:10]} Bxc6 {[%emt 0:00:06]} 7. c4 {[%emt 0:00:14]} Nf6 {[%emt 0:02:39]} 8. Nc3 {[%emt 0:00:40]} g6 {[%emt 0:03:08]} 9. O-O {[%emt 0:02:48]} Bg7 {[%emt 0:00:11]} 10. Rd1 {[%emt 0:02:21] B53: Sizilianisch (Ungarische Variante)} (10. Qd3 O-O 11. Nd4 Ng4 12. b3 Qb6 13. Nxc6 bxc6 14. Bb2 Qa5 15. h3 Ne5 16. Qe2 Rab8 17. f4 Nd7 18. Rf3 Nc5 19. Kh1 {1-0 (60) Kamsky,G (2744)-Gareev,T (2658) Rockville 2012}) 10... O-O {[%emt 0:01:06]} 11. Qd3 {[%emt 0:00:31]} Nd7 {[%emt 0:06:22]} 12. Bg5 $146 {[%emt 0:07:04]} ({Vorgänger:} 12. Nd4 $14 {keeps the upper hand.} Nc5 13. Qc2 Bd7 14. Be3 a6 15. Rac1 Rc8 16. Qe2 Re8 17. f3 b6 {1-0 (32) Janev,E (2360)-Demirel,T (2335) Mangalia 1992}) 12... Nc5 {[%emt 0:03:02]} 13. Qe3 {[%emt 0:04:25]} Bxc3 $1 {[%emt 0:03:52]} 14. Qxc3 {[%emt 0:00:18]} Nxe4 {[%emt 0:00:06]} 15. Qd4 {[%emt 0:02:21]} Nxg5 {[%emt 0:00:37]} 16. Nxg5 {[%emt 0:00:02]} h6 {[%emt 0:05:48]} 17. Ne4 {[%emt 0:07:09]} Qa5 {[%emt 0:14:33]} 18. Rd3 {[%emt 0:06:05]} Qe5 {[%emt 0:06:59]} 19. Qxe5 {[%emt 0:10:25]} dxe5 {[%emt 0:00:08]} 20. Nc3 {[%emt 0:01:59]} Rfd8 {[%emt 0:01:59]} 21. Rad1 {[%emt 0:00:15]} Rxd3 {[%emt 0:00:09]} 22. Rxd3 {[%emt 0:00:04]} Kf8 {[%emt 0:00:22]} 23. g4 {[%emt 0:05:50]} e6 {[%emt 0:02:31]} 24. Kf1 {[%emt 0:11:07]} Ke7 {[%emt 0:07:40]} 25. b4 {[%emt 0:05:46]} f5 {[%emt 0:05:51]} 26. b5 {[%emt 0:10:59]} Be8 {[%emt 0:01:18]} 27. Re3 {[%emt 0:06:51]} (27. Nb1 $17) 27... Kf6 {[%emt 0:01:34]} ({Don't play} 27... fxg4 28. Rxe5 Rc8 29. c5 $17) 28. gxf5 {[%emt 0:03:13]} gxf5 {[%emt 0:00:16]} 29. Rf3 {[%emt 0:01:18]} (29. Nb1 $142) 29... Rc8 {[%emt 0:01:03]} ({Black should play} 29... Rd8 $19 30. Ne4+ Ke7) 30. c5 $2 {[%emt 0:02:16]} (30. Ne4+ Ke7 31. Nd2) 30... Ke7 {[%emt 0:02:06]} 31. b6 {[%emt 0:01:07]} a6 {[%emt 0:02:30]} 32. Rg3 {[%emt 0:03:19]} Rxc5 {[%emt 0:00:56]} 33. Rg7+ {[%emt 0:00:13]} Bf7 $19 {[%emt 0:00:08]} 0-1

[Event "9. Korbacher Open 2017"]
[Site "Korbach"]
[Date "2017.10.20"]
[Round "3"]
[White "Van de Griend, Johan"]
[Black "Dijkhuis, Oele"]
[Result "0-1"]
[WhiteElo "1797"]
[BlackElo "2035"]
[Annotator "NA RC"]
[PlyCount "28"]
[EventDate "2017.??.??"]
[EventType "swiss"]
[EventCountry "GER"]
[SourceTitle "playchess.com"]
[Source "ChessBase"]
[SourceQuality "1"]
[TimeControl "40/5400+30:1800+30"]

{[%evp 8,28,37,22,47,56,63,18,23,14,25,0,32767,-188,32767,-500,-535,-782,-824,-926,-963,-1116,-1135]} 1. e4 {[%emt 0:00:00]} c5 {[%emt 0:00:05]} 2. Nf3 {[%emt 0:00:00]} d6 {[%emt 0:00:08]} 3. d4 {[%emt 0:00:00]} cxd4 {[%emt 0:00:07]} 4. Nxd4 {[%emt 0:00:00]} Nf6 {[%emt 0:00:07]} 5. Nc3 {[%emt 0:00:01]} g6 {[%emt 0:00:07]} 6. Be3 {[%emt 0:00:06]} Bg7 {[%emt 0:00:07] LiveBook: 9516 Partien} 7. Be2 {[%emt 0:00:11]} O-O {[%emt 0:00:24]} 8. O-O {[%emt 0:00:08]} Nc6 {[%emt 0:00:16]} 9. f4 {[%emt 0:01:20]} Qb6 {[%emt 0:05:21]} 10. Nf5 $2 {[%emt 0:03:46]} (10. Qd3 $11 {and White has nothing to worry.}) 10... Qxb2 {[%emt 0:04:56]} 11. Nb5 $2 {[%emt 0:04:51]} (11. Na4 Qa3 12. c3 Nxe4 13. Nxg7 (13. Bc1 $2 Nxc3 14. Nxe7+ Nxe7 $19) 13... Nxc3 14. Nxc3 Qxc3 15. Bf2) 11... gxf5 {[%emt 0:01:06]} 12. Bc4 {[%emt 0:06:15]} (12. Rb1 $142 Qxa2 13. Ra1) 12... Ng4 {[%emt 0:00:47]} 13. Rb1 {[%emt 0:00:34]} Nxe3 {[%emt 0:04:32]} 14. Qf3 {[%emt 0:00:29]} Qxc2 $19 {[%emt 0:04:35]} 0-1

[Event "9. Korbacher Open 2017"]
[Site "Korbach"]
[Date "2017.10.20"]
[Round "3"]
[White "Rehbein, Ullrich"]
[Black "Wuestehube, Harry"]
[Result "0-1"]
[WhiteElo "1778"]
[BlackElo "1906"]
[Annotator "NA RC"]
[PlyCount "59"]
[EventDate "2017.??.??"]
[EventType "swiss"]
[EventCountry "GER"]
[SourceTitle "playchess.com"]
[Source "ChessBase"]
[SourceQuality "1"]
[TimeControl "40/5400+30:1800+30"]

{[%evp 8,59,31,0,32767,32767,32767,32767,32767,32767,10,6,20,0,0,-14,-17,-14,-5,-11,0,0,10,-6,0,3,28,-20,-15,32767,32767,-101,-102,-175,-183,-172,-166,-585,-602,-701,-566,-654,-487,-466,-434,-875,32767,32767,32767,32767,-439,-814,-827,-1026]} 1. d4 {[%emt 0:00:37]} Nf6 {[%emt 0:00:08]} 2. Nf3 {[%emt 0:00:03]} g6 {[%emt 0:00:11]} 3. Bf4 {[%emt 0:00:17]} Bg7 {[%emt 0:00:15]} 4. h3 {[%emt 0:00:32]} d6 {[%emt 0:00:11] LiveBook: 154 Partien} 5. e3 {[%emt 0:00:17]} O-O {[%emt 0:00:16]} 6. Be2 {[%emt 0:00:14]} Nbd7 {[%emt 0:00:28]} 7. O-O {[%emt 0:00:16]} Re8 {[%emt 0:02:24]} 8. c3 {[%emt 0:02:49]} e6 {[%emt 0:09:08]} 9. Nbd2 {[%emt 0:00:57]} b6 {[%emt 0:05:41]} 10. Re1 {[%emt 0:05:23]} Bb7 {[%emt 0:00:18]} 11. Rc1 {[%emt 0:01:04]} Qe7 {[%emt 0:03:56]} 12. Qc2 {[%emt 0:07:02]} e5 {[%emt 0:05:03]} 13. Bg5 {[%emt 0:01:40]} e4 {[%emt 0:06:10]} 14. Nh2 {[%emt 0:00:36]} h6 {[%emt 0:00:28]} 15. Bh4 {[%emt 0:01:20]} Qe6 {[%emt 0:03:31]} 16. c4 {[%emt 0:05:27]} Nh7 {[%emt 0:12:19]} 17. Bg3 {[%emt 0:06:00]} c5 {[%emt 0:05:56]} 18. Red1 {[%emt 0:04:28]} cxd4 {[%emt 0:05:35]} 19. exd4 {[%emt 0:07:14] [#]} e3 $1 {[%emt 0:03:14]} ({Doch nicht} 19... Bxd4 $6 20. Nb3 $11) 20. Nb3 {[%emt 0:05:41]} (20. Ndf3 $17 {was called for.}) 20... exf2+ {[%emt 0:01:38]} 21. Kf1 {[%emt 0:00:01] [#]} Bxg2+ $1 {[%emt 0:09:15]} 22. Kxf2 $2 {[%emt 0:02:23]} (22. Kxg2 {nothing else works.} Qxe2 23. Bxf2) 22... Bxh3 {[%emt 0:03:41]} 23. Qd2 {[%emt 0:06:57]} Ng5 {[%emt 0:01:46]} 24. Bd3 {[%emt 0:02:24]} Ne4+ {[%emt 0:03:11]} 25. Bxe4 {[%emt 0:00:29]} Qxe4 {[%emt 0:00:08]} 26. Nf3 {[%emt 0:02:18]} (26. Kg1 $142) 26... Bg4 {[%emt 0:01:01]} 27. Rc3 {[%emt 0:03:24]} Bf8 {[%emt 0:01:52]} 28. Re1 {[%emt 0:01:49]} Qf5 {[%emt 0:00:20]} 29. Rh1 {[%emt 0:02:53]} (29. Kg1 $142) 29... Nf6 {[%emt 0:01:19]} 30. Re1 $19 0-1

[Event "9. Korbacher Open 2017"]
[Site "Korbach"]
[Date "2017.10.20"]
[Round "3"]
[White "Bayer, Martin"]
[Black "Kirchner, Markus"]
[Result "1-0"]
[WhiteElo "1732"]
[BlackElo "1884"]
[Annotator "NA RC"]
[PlyCount "25"]
[EventDate "2017.??.??"]
[EventType "swiss"]
[EventCountry "GER"]
[SourceTitle "playchess.com"]
[Source "ChessBase"]
[SourceQuality "1"]
[TimeControl "40/5400+30:1800+30"]

{[%evp 8,25,0,0,20,3,31,32767,7,0,60,54,64,41,50,25,328,328,337,361]} 1. e4 {[%emt 0:00:00]} e6 {[%emt 0:00:21]} 2. d4 {[%emt 0:00:00]} d5 {[%emt 0:00:06]} 3. e5 {[%emt 0:01:15]} c5 {[%emt 0:00:17]} 4. c3 {[%emt 0:00:06]} Nc6 {[%emt 0:00:08]} 5. Nf3 {[%emt 0:00:06]} Bd7 {[%emt 0:00:36]} 6. a3 {[%emt 0:00:27]} a5 {[%emt 0:00:42]} 7. Be2 {[%emt 0:01:07]} Qb6 {[%emt 0:00:55] LiveBook: 32 Games} 8. O-O {[%emt 0:02:28]} cxd4 {[%emt 0:00:13]} ({Lieber} 8... a4 $11) 9. cxd4 {[%emt 0:00:15]} Nge7 {[%emt 0:00:29]} 10. Nc3 {[%emt 0:02:30]} Nf5 {[%emt 0:02:44]} 11. Nb5 {[%emt 0:02:43]} Nxe5 $2 {[%emt 0:01:38]} (11... h5 $14) 12. dxe5 {[%emt 0:01:11]} Bxb5 {[%emt 0:00:25] [#]} 13. Qb3 $18 {[%emt 0:00:16]} 1-0

[Event "9. Korbacher Open 2017"]
[Site "Korbach"]
[Date "2017.10.20"]
[Round "3"]
[White "Sakhra, Roman"]
[Black "Basovskiy, Jana"]
[Result "1-0"]
[WhiteElo "1489"]
[BlackElo "1825"]
[Annotator "NA RC"]
[PlyCount "81"]
[EventDate "2017.??.??"]
[EventType "swiss"]
[EventCountry "GER"]
[SourceTitle "playchess.com"]
[Source "ChessBase"]
[SourceQuality "1"]
[TimeControl "40/5400+30:1800+30"]

{[%evp 8,75,28,10,14,9,9,32767,32767,20,2,25,32767,32767,32767,-4,9,4,11,9,6,-2,89,99,99,25,131,132,158,150,183,149,152,185,257,32767,32767,268,272,162,234,155,297,322,385,332,452,586,1083,466,522,691,29987,2098,1569,853,845,1166,895,1033,1056,1251,985,1164,1222,1393,1306,1259,1530,5106]} 1. d4 {[%emt 0:00:00]} d5 {[%emt 0:00:04]} 2. Bf4 {[%emt 0:00:00]} Nf6 {[%emt 0:00:14]} 3. Nf3 {[%emt 0:00:00]} e6 {[%emt 0:00:05]} 4. e3 {[%emt 0:00:00]} Be7 {[%emt 0:00:28] LiveBook: 140 Games} 5. Bd3 {[%emt 0:00:01]} O-O {[%emt 0:00:15]} 6. Nbd2 {[%emt 0:00:09]} b6 {[%emt 0:00:35]} 7. O-O {[%emt 0:00:53]} Bb7 {[%emt 0:00:07]} 8. Ne5 {[%emt 0:00:14]} c5 {[%emt 0:00:27]} 9. c3 {[%emt 0:00:06]} Nbd7 {[%emt 0:01:30]} 10. Ndf3 {[%emt 0:00:13] D02: 1 d4 d5 2 Nf3 sidelines, including 2...Nf6 3 g3 and 2...Nf6 3 Bf4} (10. Qf3 a6 11. Rad1 b5 12. Qh3 Re8 13. Ndf3 Ne4 14. Nxd7 Qxd7 15. dxc5 Qc8 16. Bd6 Bxd6 17. cxd6 Nf6 18. Ne5 Rd8 19. Ng4 Rxd6 20. Nxf6+ {1-0 (20) Hoang,T (2464)-Ptacnikova,L (2281) Istanbul 2012}) 10... Rc8 {[%emt 0:03:08]} 11. Nxd7 {[%emt 0:05:54]} Qxd7 $146 {[%emt 0:01:58]} ({Predecessor:} 11... Nxd7 12. Ne5 Nxe5 13. Bxe5 Bf6 14. Bxf6 Qxf6 {0-1 (28) Da Silva,J (1703)-Gomes Filho,C (1982) Fortaleza 2017}) 12. Ne5 {[%emt 0:00:07]} Qd8 {[%emt 0:00:08]} 13. Qf3 {[%emt 0:06:11]} Ne4 {[%emt 0:03:37]} 14. Qg4 {[%emt 0:07:32]} g6 {[%emt 0:04:14]} (14... f5 $11 15. Qh3 g5) 15. Bh6 {[%emt 0:13:43]} Re8 {[%emt 0:00:21]} 16. f3 {[%emt 0:09:01]} (16. Bb5 $16) 16... Nf6 {[%emt 0:00:17] [#]} (16... f5 $1 $11 17. Qh3 Nd6) 17. Qf4 $1 {[%emt 0:04:16]} c4 {[%emt 0:09:06]} 18. Bc2 {[%emt 0:01:39]} b5 {[%emt 0:00:37]} 19. a3 {[%emt 0:00:10]} Bd6 {[%emt 0:05:29]} 20. g4 {[%emt 0:02:33]} Rc7 {[%emt 0:02:19]} (20... Qe7 {war einen Versuch wert.}) 21. h4 {[%emt 0:06:24]} Bf8 {[%emt 0:07:42]} 22. Bg5 {[%emt 0:07:22]} Bg7 {[%emt 0:01:19]} 23. Kf2 {[%emt 0:07:18]} (23. Kg2 $142) 23... Qe7 {[%emt 0:11:06]} (23... Ne4+ $16 {is a better defense.} 24. Bxe4 (24. fxe4 f6 $16) 24... f6) 24. Rh1 {[%emt 0:00:40]} (24. Kg2 $18) 24... Rf8 {[%emt 0:01:33]} (24... Ne4+ $142 25. Bxe4 f6) 25. Rh3 {[%emt 0:05:50]} Ba8 {[%emt 0:02:03]} 26. Rah1 {[%emt 0:00:16]} a5 {[%emt 0:00:44]} (26... Ne4+ $142 27. Bxe4 f6) 27. h5 {[%emt 0:07:45]} Qd8 {[%emt 0:00:51]} 28. Bh6 {[%emt 0:01:44]} (28. hxg6 $142 fxg6 29. Qh2) 28... Bxh6 {[%emt 0:03:13]} 29. Qxh6 {[%emt 0:00:08]} Qe8 {[%emt 0:00:46]} 30. hxg6 {[%emt 0:03:01]} (30. g5 $142 Ne4+ 31. fxe4 f6 32. gxf6 Rxf6+ 33. Ke1 Rg7 34. exd5 Bxd5 35. hxg6) 30... fxg6 {[%emt 0:00:16]} 31. Ke2 {[%emt 0:05:33]} Rg7 {[%emt 0:03:22]} 32. g5 {[%emt 0:02:29]} Nh5 {[%emt 0:02:42] [#]} 33. Bxg6 $1 {[%emt 0:02:57]} hxg6 {[%emt 0:02:02]} 34. Rxh5 $1 {[%emt 0:00:08]} gxh5 {[%emt 0:00:27]} 35. Rxh5 {[%emt 0:00:04]} Qxh5 {[%emt 0:03:31]} 36. Qxh5 {[%emt 0:00:04]} Rh7 {[%emt 0:02:35]} 37. Qg6+ {[%emt 0:00:05]} Kh8 {[%emt 0:00:09]} 38. Qxe6 $18 {[%emt 0:00:28]} Kg7 {[%emt 0:01:22]} 39. f4 {[%emt 0:01:50]} Rh2+ {[%emt 0:01:36]} 40. Kf3 {[%emt 0:00:54]} Rh7 {[%emt 0:30:53]} 41. f5 {[%emt 0:31:03]} 1-0

[Event "9. Korbacher Open 2017"]
[Site "Korbach"]
[Date "2017.10.20"]
[Round "3"]
[White "Hildebrand, Georg"]
[Black "Goetz, Jan"]
[Result "1/2-1/2"]
[WhiteElo "1477"]
[BlackElo "1890"]
[Annotator "NA RC"]
[PlyCount "84"]
[EventDate "2017.??.??"]
[EventType "swiss"]
[EventCountry "GER"]
[SourceTitle "playchess.com"]
[Source "ChessBase"]
[SourceQuality "1"]
[TimeControl "40/5400+30:1800+30"]

{[%evp 21,84,0,27,-37,-17,-29,-26,-53,-44,-127,-81,-147,-152,-152,-147,-270,-248,-324,-317,32767,32767,-422,-413,-430,-449,-452,-456,-449,-462,-447,-460,-448,-489,-463,-458,-483,-517,-477,-520,-576,-612,-606,-679,-665,-684,-723,-776,-1014,-988,-1516,-5393,-5950,-2078,-5513,-29970,-12838,-29987,-6227,-29986,-29986,-29988,-29986,-29989,-29989,-29990]} 1. c4 {[%emt 0:02:57]} e5 {[%emt 0:00:02]} 2. a3 {[%emt 0:01:05]} c5 {[%emt 0:00:01]} 3. Nc3 {[%emt 0:00:39]} Nc6 {[%emt 0:00:01]} 4. g3 {[%emt 0:00:54]} g6 {[%emt 0:00:01]} 5. Bg2 {[%emt 0:00:13]} Bg7 {[%emt 0:00:01]} 6. Nf3 {[%emt 0:00:17]} Nge7 {[%emt 0:00:02]} 7. O-O {[%emt 0:00:29]} O-O {[%emt 0:00:02]} 8. d3 {[%emt 0:01:45]} d6 {[%emt 0:00:01]} 9. Rb1 {[%emt 0:02:45]} a5 {[%emt 0:01:29]} 10. e3 {[%emt 0:01:01]} Be6 {[%emt 0:01:08] A37: Symmetrical English vs ...g6: 4 Bg2 Bg7 5 Nf3} (10... h6 11. Nd5 Nxd5 12. cxd5 Ne7 13. Nd2 a4 14. b4 cxb4 15. Rxb4 b5 16. Nb1 Bd7 17. e4 Rc8 18. Be3 {0-1 (37) Koteski,D (2231)-Colovic,A (2500) Struga 2014}) 11. Nd2 $146 {[%emt 0:02:57]} ({Predecessor:} 11. Bd2 f5 12. Ng5 Bc8 13. Nd5 h6 14. Nh3 g5 15. f4 exf4 16. gxf4 g4 17. Nf2 Ng6 18. b4 axb4 19. axb4 {1-0 (46) Kessler,L (1992)-Benzetsel,E (1744) Kemer 2009}) 11... d5 {[%emt 0:00:36]} 12. b3 {[%emt 0:02:04]} ({Better is} 12. Qb3 $14 dxc4 13. dxc4) 12... b6 {[%emt 0:08:32]} 13. Bb2 {[%emt 0:09:26]} Rb8 {[%emt 0:03:11]} 14. Ne2 {[%emt 0:07:53]} Qd7 {[%emt 0:01:45]} 15. Kh1 {[%emt 0:05:43]} (15. Nf3 $15) 15... Rbd8 {[%emt 0:01:57]} 16. d4 {[%emt 0:05:42]} (16. Nc3 $142) 16... exd4 {[%emt 0:05:40]} 17. exd4 {[%emt 0:02:43]} cxd4 {[%emt 0:00:02]} 18. Nf3 {[%emt 0:05:00]} (18. Nf4 $17 {was called for.}) 18... Bf5 {[%emt 0:08:07]} 19. Ra1 {[%emt 0:02:03]} d3 {[%emt 0:00:57]} 20. Bxg7 {[%emt 0:12:21]} dxe2 {[%emt 0:00:25]} 21. Qxe2 {[%emt 0:01:15]} Kxg7 {[%emt 0:00:01]} 22. Rfd1 {[%emt 0:06:02]} Qe6 {[%emt 0:01:30]} 23. Qb2+ {[%emt 0:04:05]} Qf6 {[%emt 0:01:51]} 24. Qxf6+ Kxf6 25. cxd5 Rxd5 26. Rxd5 {[%emt 0:11:49]} Nxd5 {[%emt 0:00:32]} 27. Rc1 {[%emt 0:00:48]} Nce7 {[%emt 0:01:50]} 28. h4 {[%emt 0:01:35]} Rc8 {[%emt 0:00:30]} 29. Rxc8 {[%emt 0:00:57]} Bxc8 {[%emt 0:00:02]} 30. Ng5 {[%emt 0:00:42]} h6 {[%emt 0:00:33]} 31. Ne4+ {[%emt 0:00:40]} Ke5 {[%emt 0:01:14]} 32. f4+ {[%emt 0:02:12]} Kd4 {[%emt 0:00:02]} 33. Nd6 {[%emt 0:01:22]} Be6 {[%emt 0:00:16]} 34. Nc4 {[%emt 0:03:28]} Kc3 {[%emt 0:00:43]} 35. Bxd5 {[%emt 0:00:49]} Bxd5+ {[%emt 0:00:01]} 36. Kh2 {[%emt 0:01:04]} Bxc4 {[%emt 0:00:01]} 37. bxc4 {[%emt 0:00:38]} Kxc4 {[%emt 0:00:03]} 38. Kg2 {[%emt 0:00:36]} b5 {[%emt 0:00:01]} 39. Kf2 {[%emt 0:00:20]} b4 {[%emt 0:00:01]} 40. axb4 {[%emt 0:00:40]} a4 {[%emt 0:30:01]} 41. b5 {[%emt 0:30:47]} Kxb5 {[%emt 0:00:02]} 42. Ke2 {[%emt 0:00:19]} a3 {[%emt 0:00:01]} 1/2-1/2